| 000 | 01003nam a2200277 a 4500 | ||
|---|---|---|---|
| 001 | 000044363 | ||
| 003 | DO-SdBNP | ||
| 005 | 20180402102645.0 | ||
| 007 | 000044363 | ||
| 008 | 140624s1999 dr a 000 j spa d | ||
| 020 | _a9592092478 | ||
| 040 |
_aBPMET _bspa _cBPMET |
||
| 100 | 1 | _aLuciano, Margarita | |
| 245 | 1 | 3 |
_aEl día en que dos ciudades contrarias descubrieron que eran hermanas ; _bUn lugar posible. / _cMargarita Luciano, Olga Marta Pérez; ilustraciones Miriam González. |
| 260 |
_aSanto Domingo, : _bFerilibro, _c1999. |
||
| 300 |
_a13, 32 p. _bil. _c22 cm. |
||
| 490 | 1 | _aDiente de leche | |
| 500 | _aDos obras encuadernadas juntas con paginación invertida. | ||
| 500 | _aIncluye datos biográficos de las autoras en las contraportadas | ||
| 505 | 0 |
_aUn lugar posible _rPérez, Olga Marta |
|
| 700 | 1 | 2 | _aPérez, Olga Marta |
| 830 | 0 | _aDiente de leche | |
| 942 |
_2ddc _cBK |
||
| 945 | _aRemanejado para la BNPHU / 2018 VM | ||
| 956 |
_aVMATEO _b10 _c20150202 _lBPMSU _h0069 |
||
| 999 |
_c7303 _d7303 |
||